Non-Korean Kpop Idols - Statistics

General Stats
  • This quiz has been taken 815 times
  • The average score is 32 of 75
Answer Stats
Hint Answer % Correct
Australia/New Zealand Blackpink Rose
93%
Australia Stray Kids Felix
91%
Australia Stray Kids Bangchan
88%
Australia Enhypen Jake
82%
USA Got7 Mark
81%
Canada NCT 127 Mark
81%
USA Enhypen Jay
80%
Canada Itzy Lia
76%
Australia Nmixx Lily
76%
USA TxT Huening Kai
75%
Thailand Blackpink Lisa
74%
USA Seventeen Vernon
73%
USA Le sserafim Yunjin
72%
USA Seventeen Joshua
71%
Canada Red Velvet Wendy
71%
Japan Twice Momo
67%
Japan Enhypen Niki
66%
Japan Le sserafim Sakura
65%
Japan Twice Mina
64%
China Aespa Ningning
64%
Japan Twice Sana
64%
Canada P1Harmony Keeho
63%
Taiwan Twice Tzuyu
62%
Japan Le sserafim Kazuha
61%
Thailand (G)I-dle Minnie
60%
China (G)I-dle Yuqi
59%
USA NCT 127 Johnny
56%
Thailand Got7 Bambam
55%
Taiwan (G)I-dle Shuhua
55%
China Seventeen The8
54%
USA Kard BM
53%
China Seventeen Jun
53%
China Got7 Jackson
51%
Japan IVE Rei
49%
Thailand NCT and Wayv and SuperM Ten
45%
USA The Boyz Eric
43%
Japan NCT 127 Yuta
42%
Senegal/Belgium Blackswan Fatou
40%
Canada The Boyz Kevin
39%
USA iKON Bobby
38%
USA Kep1er Huening Bahiyyih
38%
China Exo Lay
37%
China and Thailand NCT and SuperM Lucas
37%
China NCT Dream Chenle
36%
China Kep1er Xiaoting
35%
Taiwan/Germnay Wayv Yangyang
35%
China Wayv Winwin
33%
China Wayv Xiaojun
33%
Canada The Boyz Jacob
32%
China Wayv Hendery
31%
Japan Kep1er Hikaru
31%
China NCT Dream Renjun
31%
China NCT and Wayv Kun
30%
Japan Kep1er Mashiro
27%
Japan Billlie Tsuki
26%
Japan Treasure Haruto
23%
Japan Treasure Yoshi
21%
China Everlglow Yiren
20%
Japan Treasure Asahi
18%
Brazil/Germany Blackswan Gabi
16%
India Blackswan Sriya
15%
USA Blackswan Nvee
14%
Japan Pentagon Yuto
12%
Japan ONF U
11%
China Dreamcatcher Handong
10%
Japan Billlie Haruna
9%
China Pentagon Yanan
8%
Japan Purple Kiss Yuki
8%
USA Ichillin' Jackie
4%
Japan Cherry Bullet May
4%
USA Ichillin' Joonie
3%
Japan Rocket Punch Juri
3%
Japan Cherry Bullet Remi
3%
Japan Woo!Ah! Sora
1%
Japan Cherry Bullet Nagoya
0%
No matching quizzes found
Score Distribution
Percent of People with Each Score
Percentile by Number Answered
Your Score History
You have not taken this quiz